| 000 | 01711cam a2200469 a 4500 | ||
|---|---|---|---|
| 001 | 20518 | ||
| 003 | VRT | ||
| 005 | 20260123152010.0 | ||
| 008 | 240620s1996 xo a br 0000j slo | ||
| 015 | _aSNBA1996/1203410 | ||
| 020 | _a8006006814 | ||
| 035 | _aSNK000166300 | ||
| 039 | 9 |
_a202406201052 _bmsnk24 _c202406201049 _dmsnk24 _c202406200853 _dVLOAD _c202403181927 _dVLOAD |
|
| 040 |
_aSNK _bslo _cSNK _eAACR2 |
||
| 041 | 0 | _aslo | |
| 044 |
_axo _cSK |
||
| 072 | 7 |
_a821.162.4-3 _xSlovenská próza _2konspekt |
|
| 072 | 7 |
_a821-93 _xLiteratúra pre deti a mládež (beletria) _2konspekt |
|
| 080 |
_a821.162.4-3(087.5) _22001 |
||
| 080 |
_a821.162.4-34 _22011 |
||
| 080 |
_a82-34:808.1 _22011 |
||
| 080 |
_a82-93-053.4/.5 _22011 |
||
| 100 | 1 |
_aČepčeková, Elena, _d1922-1992 _4aut |
|
| 245 | 1 | 0 |
_aMeduška _cElena Čepčeková ; ilustrácie Alena Wagnerová |
| 250 | _a5. vyd. | ||
| 260 |
_aBratislava _bMladé letá _c1996 |
||
| 300 |
_a115 s. _bfarebné ilustrácie _c17 cm |
||
| 500 | _aIlustrácia na titulnej strane a frontispice | ||
| 655 | 7 |
_aslovenské rozprávky _2SNKPH |
|
| 655 | 7 |
_aautorské rozprávky _2SNKPH |
|
| 655 | 7 |
_aliteratúra pre deti _2SNKPH |
|
| 700 | 1 |
_aWagnerová, Alena _4ill |
|
| 911 |
_aKN 1996/12 _b03410 |
||
| 942 |
_2ddc _cKLDE _n0 |
||
| 949 |
_6270001000029684 _asvkbbA 91778 _bsvkbbm 604126 |
||
| 949 |
_9P60, <09>, [BOOK], {629} _asnkD 404 _bsnk3472/961016 |
||
| 949 |
_63870A17174 _abinBIB 99/294 _bbin17174 |
||
| 949 |
_617A0013267 _9P60, <03>, [BOOK], {603} _asnkSD 68100 _bsnkKSP 8310/96 |
||
| 949 |
_617A0013268 _9P60, <04>, [BOOK], {604} _asnkSD 68100 D1 _bsnkKSP 8311/96 |
||
| 999 |
_c20518 _d20518 |
||